1788 1655 1176 1527 1447 1698 1669 1650 1266 1278 1795 1652 1848 1834 1401 1621 1611 1833 1061 1930 1512 1000 1328 1485 1038 1317 1350 1312 1030 1951 1596 1621 1846 1994 1813 1416 1552 1507 1066 1474 1754 1939 1761 1301 1397 1223 1822 1200 1297 1575 1117 1435 1407 1549 1933 1579 1815 1791 1769 1366 1342 1159 1432 1832 1554 1840 1398 1340 1217 1278 1913 1837 1374 1301 1719 1309 1255 1226 1829 1417 1465 1052 1532 1667 1282 1899 1802 1922 1363 1318 1889 1143 1095 1833 1427 1306 1507 1755 1752 BCNSPRNW ULIB Ver.6.0+V

เปลี่ยนเป็นภาษาไทย

Change to English
 แสดงรายละเอียดบรรณานุกรม
  กลับหน้าหลัก

Brief Record : Get Marc (ISO 2709) : E-mail record : QR code < ปิดหน้าต่าง
LEADER : 00000nam 2200000uu 4500
001    13399108170
003     ULIB
008    110220s2552||||th 000 0 tha d
020    9789748377308(ล.2)
060 04 WY100^bว585ค ล.2 2552
245 00 คู่มือการวางแผนการพยาบาลโดยใช้กระบวนการพยาบาล.^nเล่มที่ 2/^cโดย คณะกรรมการพัฒนาการวางแผนการพยาบาลโดยใช้กระบวนการพยาบาล วิทยาลัยพยาบาลกองทัพบก
250    พิมพ์ครั้งที่ 2
260    กรุงเทพฯ :^bวิทยาลัยพยาบาล...,^c2552
300    234 หน้า ;^c30 ซม.
650  7 การพยาบาล
650  7 การวางแผนการพยาบาล
710 2  วิทยาลัยพยาบาลกองทัพบก.^bคณะกรรมการพัฒนาการวางแผนการพยาบาลโดยใช้กระบวนการพยาบาล
945    ^p300^l0^i029725
945    ^p300^l0^i029723
945    ^p300^l0^i029721
945    ^p300^l0^i029719
945    ^p300^l0^i029720
945    ^p300^l0^i029718
945    ^p300^l0^i029716
945    ^p300^l0^i026824
945    ^p300^l0^i026823
945    ^p300^l0^i029724
945    ^p300^l0^i029722
945    ^p300^l0^i029717
945    ^p300^l0^i026822
995    ทศพร
999 ^a ใช้งานได้ทุกระบบ
รายการนี้ยังไม่มีแท็ก
คุณยังไม่ได้ล็อกอิน คุณสามารถมีกิจกรรมร่วมกับเว็บไซต์ได้ แต่ต้องล็อกอินก่อน ::
  ล็อกอิน

รายการสื่อสารสนเทศ

ลำดับที่ ประเภท เลขเรียก/บาร์โค้ด สถานที่ สถานะ
1. วิทยาศาสตร์การแพทย์ และสุขภาพ
วิทยาศาสตร์การแพทย์ และสุขภาพ
สถานะ=หนังสือเก่า
WY100 ว585ค ล.2 2552 ฉ.1 
  Barcode: 026822
ห้องสมุดวิทยาเขตสวรรค์ประชารักษ์
►หนังสือทั่วไป
ถูกยืม กำหนดส่งวันที่ 4 กรกฎาคม 2568
  จอง

รายการใกล้เคียง
    หัวเรื่อง [การพยาบาล]
    หัวเรื่อง [การวางแผนการพยาบาล]

BibComment


ยังไม่เคยถูกคอมเมนท์

คอมเมนท์ทรัพยากรรายการนี้
  คอมเมนท์: คู่มือการวางแผนกา..


 Copyright 2026. Bcnsprnw @Library